| 000 | 02738nam a2200457 c 4500 | ||
|---|---|---|---|
| 003 | BLK | ||
| 005 | 20250108113147.0 | ||
| 008 | 180411b bul|||||r ||||||| ||bul|| | ||
| 010 | _aKNG00188078000 | ||
| 020 |
_a978-619-153-099-1 _bиздат.: Паритет |
||
| 040 | _aBLK | ||
| 041 |
_aBUL _cBUL |
||
| 072 | 7 |
_2bullib _aН61 _xМедицина Н |
|
| 072 | 7 |
_2bullib _aЛ03 _xСебепознание. Мисловни техники. Психология. Парапсихология |
|
| 080 |
_aЕтиология. Учение за причините на болестите _b616-02 _x(02.062) _z616-02(02.062) |
||
| 080 |
_aЗдраве и болест. Самолечение(самооздравяване)на организма чрез защитния механизъм на организма. Експериментално предизвикване на болести _b616-092.11/.19 _x(02.062) _z616-092.11/.19(02.062) |
||
| 080 |
_aИндивидуална психология. Психология на личността. Индивидуалност. Психология на характера. Характерология. Психологическа типология _b159.923 _x(02.062) _z159.923(02.062) |
||
| 100 | 1 |
_aПейчев, Николай Валериевич _eпърви автор _9341729 |
|
| 700 | 1 |
_aЦветкова, Горанка _eпрев. _9367409 |
|
| 139 |
_aПейчев, Николай Валериевич _bП 33 |
||
| 245 | 1 | 0 |
_aМногомерният модел на човека _bКак да се избавите от болестите и никога повече да не боледувате _cНиколай Валериевич Пейчев; прев. Горанка Цветкова. |
| 257 | _aRUS | ||
| 260 |
_аСофия _bПаритет _c2016 |
||
| 300 |
_a240 с. _bс ил. _c20 см |
||
| 380 | _a61 | ||
| 500 | _aОриг. загл. Многомерная модель человека : Как избавитьъя от любого заболевания и никогда в жизни больше не болеть / Николай Валерьевич Пейчев | ||
| 650 | 4 |
_aБолести - етиология и лечение _9243862 |
|
| 650 | 4 |
_aПсихология на личността _9267089 |
|
| 653 | _aболести | ||
| 653 | _aетимология | ||
| 653 | _aпатогенеза | ||
| 653 | _aенергийна медицина | ||
| 659 | _aЛ | ||
| 659 | _aН | ||
| 852 | _aЦб 280722 | ||
| 856 | 4 |
_qpdf _u |
|
| 856 | 4 |
_qpdf _u |
|
| 942 |
_cKNG _n0 _08 |
||
| 944 |
_aCR _c31.05.2016 _k30575 _lМартин Енчев |
||
| 944 |
_aED _c31.05.2017 _kПенка_Димитрова |
||
| 999 |
_c179299 _d179299 |
||